Southville International School and Colleges
Your cart is empty.
  • Cart
  • Lists
    Public lists Eva Luna New books Lux_list list_1
    Your lists Log in to create your own lists
  • Log in to your account
  • Your cookies
  • Search history
Southville International School and Colleges
  • Advanced search
  • Recent comments
  • Most popular
  • Libraries

Log in to your account

Log in with GOOGLE


If you do not have an external account, but do have a local account, you can still log in:

  1. Home
  2. MARC view: L.S. Vygotsky and english in education and the language arts
Normal view MARC view ISBD view

L.S. Vygotsky and english in education and the language arts (Record no. 366728)

[ view plain ]
MARC details
000 -LEADER
fixed length control field 00710nam a22002057a 4500
003 - CONTROL NUMBER IDENTIFIER
control field 0
005 - DATE AND TIME OF LATEST TRANSACTION
control field 20241114163947.0
008 - FIXED-LENGTH DATA ELEMENTS--GENERAL INFORMATION
fixed length control field 241114b xxu||||| |||| 00| 0 eng d
020 ## - INTERNATIONAL STANDARD BOOK NUMBER
International Standard Book Number 978-1-032-44987-6
050 ## - LIBRARY OF CONGRESS CALL NUMBER
Classification number LB 775
Item number .Sm63 2024
100 ## - MAIN ENTRY--PERSONAL NAME
Personal name Smagorinsky, Peter
245 ## - TITLE STATEMENT
Title L.S. Vygotsky and english in education and the language arts
Statement of responsibility, etc Peter Smagorinsky
260 ## - PUBLICATION, DISTRIBUTION, ETC. (IMPRINT)
Place of publication, distribution, etc Abingdon, Oxon ; New York, NY
Name of publisher, distributor, etc Routledge
Date of publication, distribution, etc 2024
300 ## - PHYSICAL DESCRIPTION
Extent xxiv, 354 pages ;
Dimensions 26cm.
504 ## - BIBLIOGRAPHY, ETC. NOTE
Bibliography, etc Includes bibliographical references and index.
650 ## - SUBJECT ADDED ENTRY--TOPICAL TERM
Topical term or geographic name as entry element English language--Study and teaching--Research.
650 ## - SUBJECT ADDED ENTRY--TOPICAL TERM
Topical term or geographic name as entry element Language arts--Research.
650 ## - SUBJECT ADDED ENTRY--TOPICAL TERM
Topical term or geographic name as entry element Educational psychology--Research--History.
942 ## - ADDED ENTRY ELEMENTS (KOHA)
Source of classification or shelving scheme Library of Congress Classification
Koha item type Books
Holdings
Withdrawn status Lost status Source of classification or shelving scheme Damaged status Home library Current library Shelving location Date acquired Source of acquisition Sub Shelving location Total Checkouts Full call number Barcode Date last seen Price effective from Koha item type
    Library of Congress Classification   College Library College Library Reserve Section 11/14/2024 Library Fund     LB 775 .Sm63 2024 C23954 11/14/2024 11/14/2024 Books

L.S. Vygotsky and english in education and the language arts

APA

Smagorinsky P., . (2024). L.S. Vygotsky and english in education and the language arts. Abingdon, Oxon ; New York, NY: Routledge.

Chicago

Smagorinsky Peter, . 2024. L.S. Vygotsky and english in education and the language arts. Abingdon, Oxon ; New York, NY: Routledge.

Harvard

Smagorinsky P., . (2024). L.S. Vygotsky and english in education and the language arts. Abingdon, Oxon ; New York, NY: Routledge.

MLA

Smagorinsky Peter, . L.S. Vygotsky and english in education and the language arts. Abingdon, Oxon ; New York, NY: Routledge. 2024.

  • Place hold
  • Print
  • Cite
  • Add to your cart (remove)
  • Save record
    BIBTEX Dublin Core MARCXML MARC (non-Unicode/MARC-8) MARC (Unicode/UTF-8) MARC (Unicode/UTF-8, Standard) MODS (XML) RIS
  • More searches
    Search for this title in:
    Other Libraries (WorldCat) Other Databases (Google Scholar) Online Stores (Bookfinder.com) Open Library (openlibrary.org)

Exporting to Dublin Core...

SOUTHVILLE LIBRARY

Southville International School and Colleges Library

1281 Tropical Ave. Cor. Luxembourg St., BF Homes International, Las Pinas City

Tel. No. 8256374 / 252358 Loc. 117/146

Powered by Koha